[Event "Bodo CC-ch"]
[Site "Bodo"]
[Date "2019.01.29"]
[Round "1"]
[White "Stover, Isak"]
[Black "Asheim, Sven Erik"]
[Result "1-0"]
[WhiteElo "1607"]
[BlackElo "1375"]
[PlyCount "59"]
[EventDate "2019.01.29"]
[EventType "swiss"]
[EventRounds "8"]
[EventCountry "NOR"]
[SourceTitle "EXT 2024"]
[Source "ChessBase"]
[SourceDate "2023.10.10"]
[SourceVersion "1"]
[SourceVersionDate "2023.10.10"]
[SourceQuality "1"]

1. d4 Nf6 2. Bf4 d5 3. e3 c6 4. c3 Nbd7 5. Nd2 e6 6. Ngf3 Nh5 7. Bg3 Nxg3 8. hxg3 Bd6 9. Bd3 Nf6 10. Qe2 Qb6 11. Rb1 Bd7 12. e4 dxe4 13. Nxe4 Nxe4 14. Bxe4 f5 15. Bd3 0-0-0 16. Ng5 Rdf8 17. Nxe6 Bxe6 18. Qxe6+ Kc7 19. 0-0 f4 20. Bf5 Rd8 21. gxf4 Rhe8 22. Qf7+ Re7 23. Qb3 Bxf4 24. Rfe1 Qxb3 25. Rxe7+ Kb6 26. axb3 g6 27. Bd3 Rh8 28. Ra1 Bb8 29. Ra4 a6 30. c4 1-0